| 000 | 00674nam a2200181Ia 4500 | ||
|---|---|---|---|
| 003 | GCL | ||
| 008 | 140319s9999 xx 000 0 ara d | ||
| 040 |
_aGCL / _cGCL |
||
| 082 | 0 | 4 |
_a956.903 _bن ع |
| 100 | 1 | _aنبيل جامع | |
| 245 | 1 | 0 |
_aالعرب واسرائيل والقنبلة الذرية - ماذا نحن فاعلون ؟ / _cنبيل جامع |
| 260 |
_aالقاهرة : _bمنشاة المعارف ، _c2001 |
||
| 300 |
_a285 ص ؛ _c24 سم |
||
| 650 | 0 | 4 | _aالنزاع العربى الاسرائيلى |
| 650 | 0 | 4 | _aاسرائيل |
| 650 | 0 | 4 | _aفلسطين - تاريخ - العصر الحديث - الاحتلال الصهيونى |
| 942 |
_2ddc _cBK |
||
| 999 |
_c2192 _d2192 |
||